| 000 | 00373nam a2200133Ia 4500 | ||
|---|---|---|---|
| 003 | PILC | ||
| 008 | 220421s2007 xx 000 0 und d | ||
| 040 | _cEARIST LIBRARY | ||
| 100 |
_aMendoza, Zenaida M. et.al. _9974 |
||
| 245 | 0 | _aPagbasa at Pagsulat (Sa iba't-ibang Disiplina sa Antas Tersarya) / | |
| 260 |
_aManila, _bRex : _c2007. |
||
| 999 |
_c2348 _d2348 |
||
| 942 |
_2ddc _cBK |
||